Caracterización genética de la tortuga carey (Eretmochelys imbricata (Linnaeus 1766)) en Colombia, basada en la región control de ADNmt. (Registro nro. 6858)
[ vista simple ]
| 000 -CABECERA | |
|---|---|
| Campo de control | 00935nam a2200229 a 4500 |
| 005 - FECHA Y HORA DE LA ULTIMA TRANSACCION | |
| Campo de control | 20170323020002.0 |
| 008 - ELEMENTOS DE LONGITUD FIJA—INFORMACION GENERAL | |
| Campo de control | 151217b2009 ck |||||rm||| 00| 0 spa d |
| 040 ## - FUENTE DE CATALOGACIÓN | |
| Agencia catalogadora original | CO-BoIAVH |
| Agencia transcriptora | CO-BoIAVH |
| 041 ## - IDIOMA | |
| Código de idioma para texto/pista de sonido o título separado | Español |
| 044 ## - PAÍS DE PUBLICACIÓN | |
| País de publicación | Colombia |
| 090 ## - CLASIFICACIÓN LOCAL | |
| Colección | TE |
| Consecutivo | 0192 |
| 100 1# - ASIENTO PRINCIPAL--NOMBRE PERSONAL | |
| Nombre personal | Trujillo Arias, Natalia |
| 9 (RLIN) | 44790 |
| 245 10 - MENCION DE TITULO | |
| Título | Caracterización genética de la tortuga carey (Eretmochelys imbricata (Linnaeus 1766)) en Colombia, basada en la región control de ADNmt. |
| 260 ## - PUBLICACION, DISTRIBUCION, ETC. (PIE DE IMPRENTA) | |
| Lugar de publicación, distribución, etc. | Armenia: |
| Nombre del editor, distribuidor, etc. | Universidad del Quindio, |
| Fecha de publicación, distribución, etc. | 2009. |
| 300 ## - DESCRIPCION FISICA | |
| Extensión | 67 páginas. |
| 502 ## - NOTA DE TESIS | |
| Nota de tesis | Trabajo de grado presentado para optar al título de Bióloga por la Universidad del Quindío |
| 650 14 - ASIENTO SECUNDARIO DE MATERIA - TERMINO TEMATICO | |
| Término temático o nombre geográfico como elemento de entrada | Tortuga carey |
| Subdivisión de forma | tesis, disertaciones |
| Subdivisión general | caracterización |
| Subdivisión geográfica | Colombia |
| 9 (RLIN) | 75608 |
| 700 1# - ASIENTO SECUNDARIO - NOMBRE PERSONAL | |
| Nombre personal | Amorocho, Diego Fernando |
| Término de relación | Director |
| 9 (RLIN) | 44792 |
| 700 1# - ASIENTO SECUNDARIO - NOMBRE PERSONAL | |
| Nombre personal | Mejía-Ladino, Luz Marina |
| Término de relación | Co-directora |
| 9 (RLIN) | 44793 |
| 700 1# - ASIENTO SECUNDARIO - NOMBRE PERSONAL | |
| Nombre personal | López, Diana Carolina |
| Término de relación | Co-directora |
| 9 (RLIN) | 44794 |
| 942 ## - ELEMENTOS ADICIONALES (KOHA) | |
| Tipo de ítem | Tesis |
| Sistema de clasificación | Local |
| Koha issues (borrowed), all copies | 2 |
| Withdrawn status | Lost status | Sistema de Clasificación | Damaged status | No para préstamo | Colección | Inventariado | Ubicación Permanente | Ubicación actual | Fecha de adquisición | Total Checkouts | Número topográfico | Inventario / Código de Barras | Date last seen | Date checked out | Ejemplar | Price effective from | Forma de adquisición | Tipo de material | Public note |
|---|---|---|---|---|---|---|---|---|---|---|---|---|---|---|---|---|---|---|---|
| Local | Tesis | Inventariado 2017 | Bogotá | Bogotá | 29/08/2016 | 2 | TE-0192 | 026912 | 22/03/2017 | 22/03/2017 | Ej. 1 | 04/12/2012 | Donación | Tesis | Disponible solo para consulta en sala |